000 00387nam a2200157Ia 4500
008 230524s9999 xx 000 0 und d
082 _a406
_bHIT
100 _aAdolf Hitler
_924011
245 0 _aMein Kampf
250 _a1ST
260 _aNEW DELHI
_bJaico Publishing House
_c2002
300 _aIII;561
500 _aQuantity Number: 1
650 _aMiscellaneous
_91877
942 _cBK
999 _c35559
_d35559